Statistics for This or That? Country Spelling

Click here to take the quiz!

General Stats

  • This quiz has been taken 155 times
  • The average score is 11 of 12

Answer Stats

QuestionAnswer% Correct
Select the correct spellingMauritius
97%
Select the correct spellingAfghanistan
96%
Select the correct spellingPhilippines
95%
Select the correct spellingEcuador
94%
Select the correct spellingLuxembourg
94%
Select the correct spellingKazakhstan
93%
Select the correct spellingDjibouti
90%
Select the correct spellingKyrgyzstan
88%
Select the correct spellingMorocco
88%
Select the correct spellingColombia
85%
Select the correct spellingLiechtenstein
82%
Select the correct spellingBosnia and Herzegovina
79%

Score Distribution

Percentile by Number Answered

Percent of People with Each Score

Your Score History

You have not taken this quiz